Statistiques concernant Focus sur: le Royaume-Uni

Cliquez ici pour prendre le quiz!

Statistiques générales

  • Ce quiz a été pris 207 fois
  • Le résultat moyen est 13 sur 20

Statistiques - réponses

Informations recherchéesRéponses% Correct
Frontière terrestre 4 (avec un tunnel)France
97%
Langue officielleAnglais
96%
Frontière terrestre 1Irlande du Nord
96%
Couleur du drapeau (autres croix)Blanc
95%
CapitaleLondres
95%
Couleur du drapeau (croix centrale)Rouge
94%
Couleur du drapeau (fond)Bleu
93%
MonnaieLivre sterling
91%
Nom des habitants de la capitaleLondonien
86%
Hymne nationalGod save the Queen
70%
Régime politiqueMonarchie constitutionnelle parlementaire unitaire
60%
Nom des habitants du paysBritannique
59%
Frontière terrestre 2Espagne
49%
Nombre d'habitants (arrondi à la dizaine de million près)65 648 100 habitants
43%
Nombre d'habitants de la capitale (arrondi au million près)8 673 713 habitants
40%
Superficie (arrondi à la centaine de millier de kilomètres carrés près)246 690 kilomètres carrés
37%
Indicateur téléphonique (métropolitain)+44
25%
Nom completRoyaume-Uni de Grande Bretagne et d'Irlande du Nord
23%
Frontière terrestre 3Chypre
10%
Devise nationaleDieu est mon roi
2%

Distribution des résultats

Percentile par nombre de réponses

% des personnes avec chaque résultat

Votre développement - résultats

Vous n’avez pas pris ce quiz